000 00876cam a2200217 4500
001 L159476
008 040913n2016 000 0 eng u
035 _a(Sirsi) u159476
041 _aeng
110 2 _aRoyal Institution of Chartered Surveyors
_94900
245 0 4 _aThe work that shapes our world
_h[electronic resource]
260 _aLondon
_bRICS
_c2016
300 _a8p.
490 0 _aRICS Research
505 2 _aIntegrity -- Mission -- Our world: challenges -- Our work: meeting the challanges -- Championing international standards -- Delivering confidence -- From best vision to best practice -- RICS professionals: bringing quality to life
520 _aCorporate brochure
650 2 4 _aABOUT RICS
651 4 _aInternational
856 4 8 _uhttps://rics-brochure.1kcloud.com/edlv_ikeTW/
_zView the item free of charge from www.rics.org/ourstory
942 _n0
999 _c115936
_d115936